Регионална библиотека "Любен Каравелов" - Русе

Книга за дърветата (Запис номер 524936)

MARC детайли
000 -Лидер
Лидер 00961nam a2200289 a 4500
003 - Код на организацията, давaща контролен номер
Код на организацията, даваща контролен номер BLK
005 - Дата и час на последна редакция
Дата и час на последна редакция 20250724111337.0
008 - Елементи от данни с фиксирана дължина
Елементи с фиксирана дължина 230606b bul|||||r ||||||| ||bul||
020 ## - Международен стандартен номер на книга ISBN
ISBN 9786197241570
040 ## - Източник на каталожния запис
Код на библиотеката BLK
041 ## - Код за език
Език Български
Език за КДБФ Български
080 ## - УДК
УДК текст Дървета
УДК код 582.091
УДК – код + определител :087.5
9 (RLIN) 485031
УДК – определител 582.091:087.5
084 ## - Класификационен индекс по друга класификация
Авторски знак Али - А 54
100 ## - Редна дума - Автор
Автор Алис, Хана
R(LIN) 487930
245 10 - Сведения за заглавието
Заглавие Книга за дърветата
Авторска отговорност Хана Алис; ил. Хана Алис ; прев. Никола Кереков
260 ## - Област на издателските данни
Място на издаване София
Име на издателя Мармот
Година на издаване 2023
9 (RLIN) 401592
300 ## - Физическа характеристика
Брой страници 16 с.
Илюстрации с ил.
Размер 24 см
380 ## - Жанр
Жанр Детска отраслова лит.
700 ## - Други автори (авторска отговорност)
Друг автор Кереков, Никола Стоянов
9 (RLIN) 496874
852 ## - Местоположение
Отдел Детски отдел
Систематично-азбучна сигнатура ДН 58/А 54 Х
856 4# - Електронен адрес и достъп
Електронен формат pdf - файл
856 4# - Електронен адрес и достъп
Електронен формат pdf - файл
942 ## - АРТИКУЛИ
Вид на библиотечния документ Книги
Скрит в OPAC Не
Koha issues (borrowed), all copies 10
944 ## - СЪЗДАВАНЕ И РЕДАКЦИЯ на ЗАПИСА
Служител, извършил регистрацията/редакцията 30556
Дата на регистрацията/редакция Иваничка Йорданова
Номер на служител Теодора Пейчева-Дянкова
944 ## - СЪЗДАВАНЕ И РЕДАКЦИЯ на ЗАПИСА
Служител, извършил регистрацията/редакцията М.Я.
Дата на регистрацията/редакция 2025-01-15
Създаване/Редакция Редакция
999 ## - СИСТЕМНИ КОНТРОЛНИ НОМЕРА
Koha biblionumber 524936
Koha biblioitemnumber 524936
Наличности
Код за отписване Код за изгубен артикул Източник на класификационната схема Код за повреда Код за отдаване Артикулен № Име на библиотеката - собственик Име на библиотеката, в която се намира в момента Статус (Текущо местоположение) Дата на вписване в системата Местоположение - отдел Цена в лева Инвентарен номер Систематично азбучна сигнатура Баркод Цена в евро Служебен тип на артикула
  Не е изгубен Universal Decimal Classification Не е повреден заемане за дома 958330 Регионална библиотека "Любен Каравелов" Русе Регионална библиотека "Любен Каравелов" Русе Детски отдел 2025-01-15 Детски отдел 13.00 120000916907 ДН 58/А 54 Х 120000916907 6.65 Книги
  Не е изгубен Universal Decimal Classification Не е повреден заемане за дома 958331 Регионална библиотека "Любен Каравелов" Русе Регионална библиотека "Любен Каравелов" Русе Детски отдел 2025-01-15 Детски отдел 13.00 120000916906 ДН 58/А 54 Х 120000916906 6.65 Книги
  Не е изгубен Universal Decimal Classification Не е повреден заемане за дома 958332 Регионална библиотека "Любен Каравелов" Русе Регионална библиотека "Любен Каравелов" Русе Детски отдел 2025-01-15 Детски отдел 13.00 120000916905 ДН 58/А 54 Х 120000916905 6.65 Книги
Vip Innovations Ltd, Rousse, Bulgaria 2025